000 00375nam a2200145Ia 4500
008 230917s9999||||xx |||||||||||||| ||und||
040 _e204232
_aMAIN
041 _aEnglish
082 _a338.4791 B855E
100 _aBuckley, Ralf
245 0 _aEcotourism: Principles and practices
260 _aWallingford
_bCAB International
_c2009
300 _ax, 368 p.
942 _cBK
999 _c174338
_d174338